书目信息 |
| 题名: |
离子迁移谱
|
|
| 作者: | 艾希曼 , 卡尔帕斯 , 希尔 著 ;金洁 , 尤晓明 主译 | |
| 分册: | ||
| 出版信息: | 上海 复旦大学出版社有限公司 2021.1 |
|
| 页数: | 11,339页 | |
| 开本: | 26cm | |
| 丛书名: | ||
| 单 册: | ||
| 中图分类: | O461.1 | |
| 科图分类: | ||
| 主题词: | 离子迁移率 | |
| 电子资源: | ||
| ISBN: | 978-7-309-15446-7 | |
| 000 | 01451nam0 2200313 45 | |
| 001 | 012001001569 | |
| 005 | 20140914110427.0 | |
| 010 | @a978-7-309-15446-7@dCNY80.00 | |
| 100 | @a20210330d2021 em y0chiy50 ea | |
| 101 | 1 | @achi@ceng |
| 102 | @aCN@b310000 | |
| 105 | @aa z 000yy | |
| 106 | @ar | |
| 200 | 1 | @a离子迁移谱@Ali zi qian yi pu@b专著@dIon mobility spectrometry@f(美)加里·A. 艾希曼(Gary A. Eiceman),(以)泽夫·卡尔帕斯(Zeev Karpas),(美)小赫伯特·H. 希尔(Herbert H. Hill, Jr.)著@g金洁,尤晓明主译@zeng |
| 210 | @a上海@c复旦大学出版社有限公司@d2021.1 | |
| 215 | @a11,339页@c图,照片@d26cm | |
| 300 | @a并列题名:Ion mobility spectrometry | |
| 305 | @aTaylor & Francis出版集团旗下CRC出版公司授权出版 据原书第3版译出 | |
| 330 | @a本书前半部分介绍了离子迁移谱技术的基本原理、发展历程,对离子迁移谱中的关键部件、关键参数的设计方法进行了论述;不同的应用场景对离子迁移谱的结构设计和基本参数要求有很大的不同,本书的后半部分针对不同的应用场合讨论了具体的实现方法,并对离子迁移谱的发展前景进行了展望。 | |
| 510 | 1 | @aIon mobility spectrometry@zeng |
| 606 | 0 | @a离子迁移率 |
| 690 | @aO461.1@v5 | |
| 701 | 0 | @c(美)@a艾希曼@Aai xi man@c(Eiceman, Gary A.)@4著 |
| 701 | 0 | @c(以)@a卡尔帕斯@Aka er pa si@c(Karpas, Zeev)@4著 |
| 701 | 0 | @c(美)@a希尔@Axi er@c(Hill, Herbert H., Jr.)@4著 |
| 702 | 0 | @a金洁@Ajin jie@4主译 |
| 702 | 0 | @a尤晓明@Ayou xiao ming@4主译 |
| 801 | 0 | @aCN@bBJSDL@c20211011 |
| 905 | @b1336334-7@dO461.1@e20@f4 | |
| 离子迁移谱=Ion mobility spectrometry/(美)加里·A. 艾希曼(Gary A. Eiceman),(以)泽夫·卡尔帕斯(Zeev Karpas),(美)小赫伯特·H. 希尔(Herbert H. Hill, Jr.)著/金洁,尤晓明主译.-上海:复旦大学出版社有限公司,2021.1 |
| 11,339页:图,照片;26cm |
| 并列题名:Ion mobility spectrometry |
| ISBN 978-7-309-15446-7:CNY80.00 |
| 本书前半部分介绍了离子迁移谱技术的基本原理、发展历程,对离子迁移谱中的关键部件、关键参数的设计方法进行了论述;不同的应用场景对离子迁移谱的结构设计和基本参数要求有很大的不同,本书的后半部分针对不同的应用场合讨论了具体的实现方法,并对离子迁移谱的发展前景进行了展望。 |
| ● |
| 相关链接 |
|
|
|
|
正题名:离子迁移谱
索取号:O461.1/20
 
预约/预借
| 序号 | 登录号 | 条形码 | 馆藏地/架位号 | 状态 | 备注 |
| 1 | 1336334 | 213363340 | 第二样本阅览室/ [索取号:O461.1/20] | 在馆 | |
| 2 | 1336335 | 213363359 | 第三借阅区/ [索取号:O461.1/20] | 在馆 | |
| 3 | 1336336 | 213363368 | 第三借阅区/ [索取号:O461.1/20] | 在馆 | |
| 4 | 1336337 | 213363377 | 第三借阅区/ [索取号:O461.1/20] | 在馆 |